000 00482nmm a2200145Ia 4500
008 251105s9999||||xx |||||||||||||||||und||
041 _aspa
100 _aVelasquez Bermudez, Eliecer
245 0 _aLibertad financiera paso a paso. :
_b Es posible y aquí lo vas a comprobar
264 _a[Madrid, España] :
_bMedinaliber Hispánica,
_c2021
300 _a0 páginas
650 _aEconomics and Business
856 _uhttps://public.digitaliapublishing.com/a/100594
942 _cCF
999 _c106847
_d106847